Statistiques concernant Langues ayant plus de 100 000 articles sur Wikipédia

Cliquez ici pour prendre le quiz!

Statistiques générales

  • Ce quiz a été pris 147 fois
    (3 depuis la dernière actualisation)
  • Le résultat moyen est 51 sur 70

Statistiques - réponses

Nombre d'articleSystème d'écritureLangue% Correct
6 282 497LatinAnglais
100%
218 038LatinEstonien
100%
477 958LatinTchèque
100%
418 427LatinRoumain
100%
397 839LatinTurc
100%
372 954LatinBasque
100%
347 616LatinMalais
100%
282 811ArménienArménien
100%
270 423CyrilliqueBulgare
100%
236 428LatinSlovaque
100%
199 482LatinLituanien
100%
506 461LatinFinnois
100%
190 965GrecGrec
100%
171 871LatinSlovène
100%
150 831GéorgienGéorgien
100%
146 844DevanagariHindi
100%
139 982ThaïThaï
100%
135 715TamoulTamoul
100%
135 097LatinLatin
100%
109 050Sinogrammes traditionnels ou simplifiésCantonais
100%
106 083Alphasyllabaire bengaliBengali
100%
486 073LatinHongrois
100%
292 174HébreuHébreu
100%
436 989HangeulCoréen
100%
1 188 615Sinogrammes traditionnels ou simplifiésMandarin
100%
3 255 096LatinSuédois
100%
2 559 519LatinAllemand
100%
2 315 865LatinFrançais
100%
2 050 723LatinNéerlandais
100%
1 713 053CyrilliqueRusse
100%
1 684 724LatinItalien
100%
1 671 933LatinEspagnol
100%
1 466 222LatinPolonais
100%
1 262 680LatinVietnamien
100%
1 261 988JaponaisJaponais
100%
1 225 060ArabeEgyptien
100%
100 226BirmanBirman
100%
1 109 848ArabeArabe
100%
644 765Cyrillique / LatinSerbe
100%
675 537LatinCatalan
100%
780 053ArabePerse
100%
1 084 889CyrilliqueUkrainien
100%
1 064 753LatinPortugais
100%
172 534LatinGalicien
50%
566 008LatinIndonésien
50%
107 017LatinLetton
50%
113 726Cyrillique / MacédonienMacédonien
50%
132 638LatinGallois
50%
139 947Cyrillique / LatinOuzbek
50%
162 645ArabeOurdou
50%
180 200Arabe / Cyrillique / LatinAzeri
50%
208 841LatinCroate
50%
266 086LatinDanois
50%
5 666 033LatinCebuano
50%
228 005Arabe / Cyrillique / LatinKazakh
50%
294 395LatinEspéranto
50%
203 461CyrilliqueBiélorusse
50%
1 265 077LatinWaray Waray
50%
554 359LatinBokmål
0%
430 748Sinogrammes traditionnels ou simplifiésMinnan
0%
185 056LatinAnglais simple
0%
224 374LatinMinangkabau
0%
126 469LatinVolapük
0%
115 781LatinAsturien
0%
158 168LatinNynorsk
0%
266 346Cyrillique / LatinTartar
0%
240 151Arabe / PerseAzéri du sud
0%
354 123CyrilliqueTchétchène
0%
102 812Cyrillique / Latin / PerseTadjik
0%
454 746Cyrillique / LatinSerbo-croate
0%

Distribution des résultats

Percentile par nombre de réponses

% des personnes avec chaque résultat

Votre développement - résultats

Vous n’avez pas pris ce quiz depuis la dernière actualisation